[Event "Sochi ChessAmateur op"]
[Site "Sochi"]
[Date "2018.04.04"]
[Round "6"]
[White "Zagorskii, Artem"]
[Black "Antipin, Sergei"]
[Result "0-1"]
[WhiteElo "1672"]
[BlackElo "1972"]
[PlyCount "52"]
[EventDate "2018.04.01"]
[EventType "swiss"]
[EventRounds "9"]
[EventCountry "RUS"]
[SourceTitle "CBM 184 Extra"]
[Source "ChessBase"]
[SourceDate "2018.06.28"]
[SourceVersion "1"]
[SourceVersionDate "2018.06.28"]
[SourceQuality "1"]

1. e4 Nf6 2. Nc3 d5 3. exd5 Nxd5 4. Bc4 Nb6 5. Bb3 c5 6. d3 Nc6 7. a4 e6 8. a5 Nd5 9. Nf3 a6 10. Bd2 Be7 11. 0-0 0-0 12. Re1 Bf6 13. h3 Nxc3 14. bxc3 Nxa5 15. Ba2 b5 16. Re4 Bb7 17. Rg4 Rc8 18. Rg3 c4 19. d4 Nc6 20. Ng5 g6 21. Ne4 Bh4 22. Re3 Be7 23. f4 Qd5 24. Qe2 Rce8 25. Rf1 f5 26. Nf2 Nxd4 0-1